000
00323nam a22001457a 4500
003
SGT
082
_a
302
_b
M00A
100
_a
AMIC
245
_a
MEDIA AND HUMAN RIGHT IN ASIA
250
_a
1ST
260
_a
SINGAPURE
_b
ASIAN MEDIA INFORMATION
_c
2000
300
_a
290
650
_a
MASS COMMUNICATION
942
_2
ddc
_c
BK
_0
3
999
_c
12941
_d
12941